000 02448cam a2200325 i 4500
003 SA-RiAUC
005 20250504085845.0
008 250503s1986 le g 001 0 ara c
024 0 _a00000000978437
040 _aSA-JeALM
_bara
_cSA-RiAUC
_dAE-DuMBRL
_erda
082 0 4 _a231
_qSA-RiAUC
090 _a‏231
_bم ر ع
100 _aالمرعشلي، يوسف عبدالرحمن.
245 0 0 _aعلم فهرسة الحديث :
_bنشأته، تطوره، أشهر ما دون فيه /
_cراجعه وقدم له الدكتور يوسف عبد الرحمن المرعشلي.
250 _aالطبعة الأولى.
264 1 _aبيروت :
_bدار المعرفة،
_c1986.
264 2 _aمكة المكرمة، السعودية :
_bدار الباز
300 _a152 صفحة ؛
_c24 × 17 سم
336 _aنص
_btxt
_2rdacontent
_3كتاب
337 _aبدون وسيط
_bn
_2rdamedia
338 _aمجلد
_bnc
_2rdacarrier
500 _aكشاف : صفحة 59-123.
500 _aيشتمل على كشافات.
520 _aيتناول كتاب (علم فهرسة الحديث نشأته، تطوره، أشهر ما دون فيه) والذي قام بتأليفه د. يوسف عبد الرحمن المرعشلي، موضوع (فهرسة الحديث) الكتاب يقدم دراسة هي أول محاولة من نوعها، تجمع ما وضع من فهارس للحديث، وتستعرض الدراسة حركة فهرسة الحديث، حيث تكلمت عن مصادر الحديث الأصلية التي عني العلماء بفهرستها، ثم تكلمت عن نشأة فهرسة الأحاديث وتطورها عبر الزمن، مستعرضة جهود ومناهج العلماء فيها، ثم تكلمت عن فكرة الموسوعة الحديثية، وتعرض في الفصل الأخير منها أشهر كتب فهارس الأحاديث مع وصف تفصيلي لأهمها. وقد ذيل المؤلف الرسالة بفهرسين، أحدهما لأسماء الأعلام، والآخر لأسماء الكتب الواردة في الكتاب.
650 7 _aالحديث
_xمباحث عامة
_2aucsh
700 1 _aالمرعشلي، يوسف عبد الرحمن،
_d1952-
_eمراجع.
942 _2ddc
_cBOOK
_n0
949 _aSA-JeALM
_d250503
_umohamedma123
_n1
999 _c7581
_d7581